Finish the Oldboy quote Quiz Stats

 Plays Quiz not verified by Sporcle

Score 0/8 Timer 10:00
0 Plays Today
Hint Answer % Correct
Laugh and the - laughs with you.world
93.5%
The TV is both a clock and a calendar. It's your school, your home, your church, your friend and your -.Lover
64.5%
Your - got my sister pregnant!tongue
64.5%
- and you - alone.weep
61.3%
Anyone here with a(an) - blood type, raise your hand.AB
51.6%
Revenge is good for your health, but - will find you again.pain
32.3%
-: a new word.Dickshit
29%
Don't imagine anything, you'll become - as hellbrave
12.9%

You're not logged in!

Compare scores with friends on all Sporcle quizzes.
OR
Log In

Sporcle TV

Today on Sporcle TV


Watch our educational content, quiz creation guides, and fun videos on Sporcle TV.

Show Comments

Extras

Top Quizzes Today


Score Distribution

Your Account Isn't Verified!

In order to create a playlist on Sporcle, you need to verify the email address you used during registration. Go to your Sporcle Settings to finish the process.

Report this User

Report this user for behavior that violates our Community Guidelines.

Details: